000 00828nam a2200157 a 4500
008 120416s1994 ||||||||||||||||| || u
020 _a8170892007
050 _aSD 399.7 Tew
100 _aTewari, D. N
245 1 0 _aBiodiversity and forest genetic resources
260 _aDehra Dun:
_bInternational book distributors
_c1994
350 _a0.00
995 _aANNEX COLLECTION (Main Library)
_D0.00
_e732857
_FCBU-MAIN LIBRARY (Kitwe)
_H3
_I37.95
_jSD 399.7 Tew
_M3
_UAVAILABLE
_y029884
_ZAnnex Low-Usage Collection
995 _aANNEX COLLECTION (Main Library)
_D0.00
_e732858
_FCBU-MAIN LIBRARY (Kitwe)
_H1
_I37.95
_jSD 399.7 Tew
_M1
_UAVAILABLE
_y029886
_ZAnnex Low-Usage Collection
995 _aMAIN LIBRARY OPEN ACCESS
_D0.00
_e029885
_FCBU-MAIN LIBRARY (Kitwe)
_H2
_I37.95
_jSD 399.7 Tew
_M2
_UAVAILABLE
_y029885
_ZMain Library Open Access Collection
999 _c81103
_d81103